000 00686nam a2200253Ia 4500
003 OSt
005 20220918202525.0
006 a|||||r|||| 00| 0
007 ta
008 220917b |||||||| |||| 00| 0 eng d
024 _a101,889
037 _cTextual
040 _aARTS
_cARTS
_beng
041 _2eng
_aeng
082 _aV247.N, L9
100 _aTikoo Prithvi Nath
_9104184
245 0 _aStory of Kashmir
260 _aNew Delhi
_bLight and Life Publishers
_c1979
300 _axi, 287p.
_ccm.
500 _aBibliography p271--273; Appendix p269--270
650 _aHISTORY
942 _hV247.N, L9
_cTEXL
_2CC
999 _c225349
_d225349